Geography Quiz

Random Geography or World Quiz

4-Letter Capitals on a Map Quiz Stats

Quiz Updated Oct 29, 2015

Challenge
Share
Tweet
Score 0/14 Timer 04:00
5 Plays Today
% Correct
Oslo
93.4%
Rome
92.1%
Lima
88.9%
Bern
82.8%
Kyiv
79.2%
Riga
79.1%
Doha
61.4%
% Correct
Baku
55.7%
Malé
54.8%
Dili
47.9%
Suva
47.7%
Lomé
45.8%
Juba
44.2%
Apia
41.3%

You're not logged in!

Compare scores with friends on all Sporcle quizzes.
Sign Up with Email
OR
Log In

You Might Also Like...

Show Comments

Extras

Top Quizzes Today


Score Distribution

Your Account Isn't Verified!

In order to create a playlist on Sporcle, you need to verify the email address you used during registration. Go to your Sporcle Settings to finish the process.